000 01047nam a2200193 i 4500
001 165165
003 ES-MaACL
005 20230906213058.0
008 030902s1894 sp |||| | spa d
100 1 _aSelva y Rubí, Emilio.
_9132642
245 1 0 _aReseña leída en la sesión pública inaugural celebrada el día 10 de enero de 1894 /
_cpor el secretario D. Emilio Selva y Rubí.
260 _aBarcelona :
_b[s.n.],
_c1894 (
_fImp. Barcelonesa)
300 _a24 p. ;
_c27 cm.
594 _aPrecede al tít.: Academia de Jurisprudencia y Legislación de Barcelona.
594 _aTema en p. 4: "Necesidad de la propiedad inmueble corporativa, y para las fundaciones perpetuas. Condiciones jurídicas y económicas que debe reunir. Derechos y deberes del Estado con relación a la misma. Objeto, forma y límites de la misma"
650 4 _aPropiedad.
_916476
710 2 _aAcademia de Jurisprudencia y Legislación de Barcelona.
_91182
852 _aES-MaACL
_jT-661-F-7
_z- Enc. hol., conservando cub. original
_z- Enc. en un vol. facticio
999 _c165165
_d165165